Flexibilné formy zamestnávania v krajinách EÚ v širšom legislatívnom kontexte politiky zamestnanosti v Slovenskej republike

Identifikácia možností využitia flexibilných foriem zamestnávania uplatňovaných v jednotlivých krajinách Európskej únie vo vzťahu k existujúcej legislatívnej úprave politiky zamestnanosti v Slovenskej republike so zameraním na vedecko-pedagogických zamestnancov vysokých škôl. Záver príspevku prináša...

Descrizione completa

Salvato in:
Dettagli Bibliografici
Autore principale: Jusko, Peter
Natura: Capitolo di libro
Lingua:slovacco
Soggetti:
Tags: Aggiungi Tag
Nessun Tag, puoi essere il primo ad aggiungerne!!

MARC

LEADER 00000nla a2200000 4500
001 0192527
005 20240417075048.9
041 0 |a slo 
044 |a SK 
245 1 0 |a Flexibilné formy zamestnávania v krajinách EÚ v širšom legislatívnom kontexte politiky zamestnanosti v Slovenskej republike  |c Peter Jusko 
520 |a Identifikácia možností využitia flexibilných foriem zamestnávania uplatňovaných v jednotlivých krajinách Európskej únie vo vzťahu k existujúcej legislatívnej úprave politiky zamestnanosti v Slovenskej republike so zameraním na vedecko-pedagogických zamestnancov vysokých škôl. Záver príspevku prináša charakteristiku koncepcie flexikurity ako možnosti ďalšieho rozvoja flexibilných foriem zamestnávania. 
610 2 0 |a politika zamestnanosti 
610 2 0 |a flexibilita 
610 2 0 |a trh práce 
610 2 0 |a Slovensko 
610 2 0 |a Európska únia 
100 1 |a Jusko, Peter